| 000 | 01815nam a2200577 i 4500 | ||
|---|---|---|---|
| 001 | 6632 | ||
| 003 | KOSZ 005 | ||
| 005 | 20240405062955.0 | ||
| 008 | 970510s1994 pl a f |001 0 pol | ||
| 015 | _aPB 1994/10737 | ||
| 020 |
_a8390023490 _z83900023490 |
||
| 035 | _a991000722149705066 | ||
| 035 | _a(PL-WaBN)b10232552-48omnis_nlop | ||
| 035 | _ab10232552 | ||
| 035 | _a(OCoLC)830054579 | ||
| 035 | _a(PL)b0000001023255 | ||
| 035 | _a(EXLNZ-48OMNIS_NETWORK)9910427601105606 | ||
| 040 |
_aWA N _cWA N _dKOSZ 005/EG |
||
| 041 | _apol | ||
| 080 | _a338.1 | ||
| 080 | _a(438) | ||
| 080 | _a(091) | ||
| 080 | _a(075.8) | ||
| 100 | 1 |
_aJezierski, Andrzej _d(1930-2002) _eAutor |
|
| 245 | 1 | 0 |
_aDzieje gospodarcze Polski w zarysie do 1989 r[oku] / _cAndrzej Jezierski, Cecylia Leszczyńska. |
| 260 |
_aWarszawa : _b"Key Text", _c1994. |
||
| 300 |
_a297, [1] s. : _bmapy ; _c24 cm. |
||
| 336 |
_2rdacontent _aTekst _btxt |
||
| 337 |
_2rdamedia _aBez urządzenia pośredniczącego _bn |
||
| 338 |
_2rdacarrier _aWolumin _bnc |
||
| 380 | _aKsiążki | ||
| 380 | _aPublikacje dydaktyczne | ||
| 385 |
_mPoziom nauczania _aSzkoły wyższe |
||
| 388 | _a1901-2000 | ||
| 388 | _a1989-2000 | ||
| 504 | _aIndeksy. | ||
| 648 | 7 | _a1701-1800 | |
| 648 | 7 | _a1801-1900 | |
| 648 | 7 | _a1901-2000 | |
| 650 | 7 | _aGospodarka | |
| 650 | 7 | _aHistoria | |
| 651 | 7 |
_aPolska _2DBN |
|
| 655 | 7 |
_aPodręczniki akademickie _2DBN |
|
| 658 | _aGospodarka, ekonomia, finanse | ||
| 658 | _aHistoria | ||
| 700 | 1 |
_aLeszczyńska, Cecylia _eAutor |
|
| 710 | 2 |
_aWydawnictwo Key Text _4pbl |
|
| 856 |
_uhttp://koha.tu.koszalin.pl/cgi-bin/koha/opac-detail.pl?biblionumber=6632 _yKatalog online BPK |
||
| 942 |
_2UKD _cKS |
||
| 999 |
_c6632 _d6632 |
||